Mirando la vejez : estudio y propuestas /
Saved in:
| Format: | Book |
|---|---|
| Published: |
Mar del Plata :
Eudem,
2015.
|
| Edition: | 1a ed. |
| LEADER | 00396nam a22001217a 4500 | ||
|---|---|---|---|
| 003 | AR-BeUNQ | ||
| 005 | 20240412090351.0 | ||
| 999 | |c 34488 |d 118288 | ||
| 245 | |a Mirando la vejez : |b estudio y propuestas / |c María Belén Sabatini, Claudia Arias. | ||
| 250 | |a 1a ed. | ||
| 260 | |a Mar del Plata : |b Eudem, |c 2015. | ||
| 929 | |a DONACION |b Margarita Pierini |d 400,00 |e 20200227 |f PAT0076149 |g 3376 |h 1 |o PR |l Estante S | ||
| 942 | |c LIB |n 0 | ||